000 00445nam a2200181Ia 4500
001 16400
005 20260306170306.0
008 260306t1997||||xx |||||||||||||| ||und||
041 _aESP
082 _a348.56
_bV917
100 _aVarsi Rospigliosi, Enrique
_eAUT
245 0 _aDerecho genético:
_bprincipios generales
260 _c1997
300 _a94 páginas :
_c21 cm.
650 _aGEN
654 _aCDE
942 _cLIB
_dJUS
_fJUS
_2ddc
_n
999 _c16400
_d16400